Nature's chemicals (Record no. 1455)
[ view plain ]
| 000 -LEADER | |
|---|---|
| fixed length control field | 01593nam a2200289 a 4500 |
| 001 - CONTROL NUMBER | |
| control field | BD-DhSAU 1455 |
| 003 - CONTROL NUMBER IDENTIFIER | |
| control field | BD-DhSAU |
| 005 - DATE AND TIME OF LATEST TRANSACTION | |
| control field | 20161107080246.0 |
| 008 - FIXED-LENGTH DATA ELEMENTS--GENERAL INFORMATION | |
| fixed length control field | 150115s2010 enkab ob 001 0 eng |
| 020 ## - INTERNATIONAL STANDARD BOOK NUMBER | |
| International Standard Book Number | 9780199566839 (hbk.) |
| 020 ## - INTERNATIONAL STANDARD BOOK NUMBER | |
| International Standard Book Number | 0199566836 (hbk.) |
| 040 ## - CATALOGING SOURCE | |
| Original cataloging agency | BD-DhSAU |
| 082 ## - DEWEY DECIMAL CLASSIFICATION NUMBER | |
| Classification number | - |
| Item number | - |
| Edition number | 22 |
| 100 1# - MAIN ENTRY--PERSONAL NAME | |
| Personal name | Firn, Richard. |
| 245 10 - TITLE STATEMENT | |
| Title | Nature's chemicals |
| Medium | [online resource] : |
| Remainder of title | the natural products that shaped our world / |
| Statement of responsibility, etc. | Richard Firn. |
| 260 ## - PUBLICATION, DISTRIBUTION, ETC. (IMPRINT) | |
| Place of publication, distribution, etc. | Oxford ; |
| -- | New York : |
| Name of publisher, distributor, etc. | Oxford University Press, |
| Date of publication, distribution, etc. | 2010. |
| 300 ## - PHYSICAL DESCRIPTION | |
| Extent | ix, 250 p. : |
| Other physical details | ill., map ; |
| Dimensions | 25 cm. |
| 500 ## - GENERAL NOTE | |
| General note | Oxford scholarship online biology |
| 504 ## - BIBLIOGRAPHY, ETC. NOTE | |
| Bibliography, etc | Includes bibliographical references (p. [219]-237) and index. |
| 505 0# - FORMATTED CONTENTS NOTE | |
| Formatted contents note | What are natural products? -- The importance of NPs in human affairs -- The main classes of NPs--only a few pathways lead to the majority of NPs -- Are NPs different from synthetic chemicals? -- Why do organisms make NPs? -- NPs, chemicals and the environment -- Natural products and the pharmaceutical industry -- The chemical interactions between organisms -- The evolution of metabolism -- The genetic modification of NP pathways--possible opportunities and possible pitfalls. |
| 590 ## - Name of Cataloguer | |
| Name of Cataloger | Anwar |
| 650 #0 - SUBJECT ADDED ENTRY--TOPICAL TERM | |
| Topical term or geographic name as entry element | Natural products. |
| 650 #0 - SUBJECT ADDED ENTRY--TOPICAL TERM | |
| Topical term or geographic name as entry element | Bioactive compounds. |
| 856 ## - ELECTRONIC LOCATION AND ACCESS | |
| Uniform Resource Identifier | <a href="http://www.oxfordscholarship.com/view/10.1093/acprof:oso/9780199566839.001.0001/acprof-9780199566839?rskey=hzloLl&result=55">http://www.oxfordscholarship.com/view/10.1093/acprof:oso/9780199566839.001.0001/acprof-9780199566839?rskey=hzloLl&result=55</a> |
| 856 ## - ELECTRONIC LOCATION AND ACCESS | |
| Uniform Resource Identifier | <a href="http://doi.org/10.1093/acprof:oso/9780199566839.001.0001">http://doi.org/10.1093/acprof:oso/9780199566839.001.0001</a> |
| 942 ## - ADDED ENTRY ELEMENTS (KOHA) | |
| Source of classification or shelving scheme | Dewey Decimal Classification |
| Koha item type | Online book |
No items available.
